[Event "ICS Rated blitz match"]
[Site "204.178.125.65"]
[Date "1999.08.25"]
[Round "?"]
[White "Hossa"]
[Black "Esen"]
[Result "1/2-1/2"]
[WhiteElo "2403"]
[BlackElo "2007"]
[PlyCount "83"]

1. d4 Nf6 2. c4 e6 3. Nc3 Bb4 4. Bg5 Bxc3+ 5. bxc3 h6 6. Bxf6 Qxf6 7. Nf3 d6 8.
e4 e5 9. Bd3 Bg4 10. Rb1 b6 11. Be2 Bxf3 12. Bxf3 O-O 13. O-O Nc6 14. d5 Na5
15. Qd3 Nb7 16. g3 Nc5 17. Qe2 Qg5 18. Bg2 Qe7 19. Qh5 f6 20. f4 Qf7 21. Qf5
Qd7 22. fxe5 Qxf5 23. Rxf5 fxe5 24. Rf3 Rxf3 25. Bxf3 Rf8 26. Bg2 a5 27. h4 Rf6
28. h5 Kf7 29. Rb2 g6 30. hxg6+ Kxg6 31. Kh2 Nd3 32. Rd2 Nc5 33. Rb2 Na4 34.
Rc2 Kg5 35. a3 Nc5 36. Kh3 Rf8 37. Rd2 Na4 38. Rc2 Nc5 39. Rd2 Rf6 40. Rc2 Nd7
41. Rc1 Nc5 42. Rc2 {Game drawn by repetition} 1/2-1/2

[Event "ICS Rated blitz match"]
[Site "204.178.125.65"]
[Date "1999.08.25"]
[Round "?"]
[White "Esen"]
[Black "Hossa"]
[Result "0-1"]
[WhiteElo "2020"]
[BlackElo "2390"]
[PlyCount "39"]

1. e4 d5 2. e5 f6 3. exf6 exf6 4. Qe2+ Ne7 5. Nf3 Bg4 6. h3 Bxf3 7. Qxf3 Nbc6
8. Bb5 Qd7 9. O-O O-O-O 10. Bxc6 Nxc6 11. d3 Re8 12. Be3 d4 13. Bd2 Bc5 14. a4
Re5 15. Na3 Bxa3 16. Rxa3 Rhe8 17. Raa1 Re2 18. Rad1 R8e5 19. Rfe1 Rxd2 20.
Rxe5 {Esen resigns} 0-1

[Event "ICS Rated blitz match"]
[Site "204.178.125.65"]
[Date "1999.08.25"]
[Round "?"]
[White "Hossa"]
[Black "Esen"]
[Result "1-0"]
[WhiteElo "2393"]
[BlackElo "2017"]
[PlyCount "44"]

1. c4 Nf6 2. Nc3 e6 3. g3 b6 4. Bg2 Nc6 5. d4 Bb7 6. e4 d6 7. Nge2 Be7 8. d5
exd5 9. cxd5 Ne5 10. O-O O-O 11. f4 Ned7 12. Re1 Ba6 13. Nd4 Bb7 14. Be3 Ne8
15. Nf5 Bf6 16. Rc1 Bxc3 17. Rxc3 Nef6 18. Qc2 Re8 19. b4 Rc8 20. Rc1 Nf8 21.
Rxc7 Rxc7 22. Qxc7 22... Qxc7 {Esen resigns} 1-0

[Event "ICS Rated blitz match"]
[Site "204.178.125.65"]
[Date "1999.08.25"]
[Round "?"]
[White "Hossa"]
[Black "Beadle"]
[Result "0-1"]
[WhiteElo "2383"]
[BlackElo "2566"]
[PlyCount "109"]

1. d4 d5 2. c4 c6 3. Nc3 e6 4. e4 dxe4 5. Nxe4 Bb4+ 6. Bd2 Qxd4 7. Bxb4 Qxe4+
8. Qe2 Qxe2+ 9. Nxe2 Nf6 10. Nc3 b6 11. Bd6 Bb7 12. Rd1 c5 13. Nb5 Na6 14. Be5
Bc6 15. Nd6+ Kf8 16. b3 Nd7 17. Bg3 e5 18. f4 e4 19. Be2 Nb4 20. O-O Nf6 21. a4
Nc2 22. Bf2 e3 23. Bh4 Nd4 24. Rxd4 cxd4 25. Rd1 Ne4 26. Nf5 Nc3 27. Re1 Bb7
28. Nxd4 Re8 29. Nb5 Nxb5 30. axb5 Be4 31. Ra1 h5 32. Rxa7 Rh6 33. b4 Rg6 34.
g3 Rd6 35. c5 Rd2 36. Kf1 Rc2 37. Rd7 bxc5 38. bxc5 Rxc5 39. Rd1 f6 40. Rd4
Rc1+ 41. Rd1 Rxd1+ 42. Bxd1 Rc8 43. Ke2 Rc3 44. b6 Bb7 45. h3 Ba6+ 46. Ke1 Rc1
47. b7 Bxb7 48. Ke2 Ba6+ 49. Kxe3 Rxd1 50. Kf2 Bc8 51. g4 hxg4 52. hxg4 Bxg4
53. Kg3 Bh5 54. Kg2 Rd4 55. Bg3 {Hossa resigns} 0-1

[Event "ICS Rated blitz match"]
[Site "204.178.125.65"]
[Date "1999.08.25"]
[Round "?"]
[White "Hossa"]
[Black "Esen"]
[Result "1-0"]
[WhiteElo "2375"]
[BlackElo "2027"]
[PlyCount "41"]

1. c4 c5 2. e3 e5 3. Nc3 Nc6 4. Nge2 Nf6 5. d4 d6 6. d5 Na5 7. e4 b6 8. Ng3 Nd7
9. Bd3 Be7 10. Nf5 g6 11. Ng7+ Kf8 12. Bh6 Kg8 13. Qf3 Bf8 14. Nf5 Nf6 15. Bxf8
Kxf8 16. Ne3 Kg7 17. O-O Qd7 18. b3 Ng4 19. Be2 Nf6 20. Qg3 h5 21. f4 {
Esen resigns} 1-0

[Event "ICS Rated blitz match"]
[Site "204.178.125.65"]
[Date "1999.08.25"]
[Round "?"]
[White "PostModernist"]
[Black "Hossa"]
[Result "1-0"]
[WhiteElo "2444"]
[BlackElo "2379"]
[PlyCount "53"]

1. e4 d5 2. exd5 Qxd5 3. Nc3 Qa5 4. Nf3 Nf6 5. d4 Bf5 6. Bb5+ c6 7. Bc4 Ne4 8.
Bd2 Nxd2 9. Qxd2 Nd7 10. O-O-O b5 11. Bb3 Qc7 12. d5 Nc5 13. dxc6 Nxb3+ 14.
axb3 b4 15. Nd5 Qxc6 16. Nxb4 Qb7 17. Qg5 e6 18. Nd5 Be4 19. Rhe1 Bxf3 20. gxf3
Rc8 21. Rd2 h6 22. Qe5 Qa6 23. Kb1 Qc6 24. Qd4 Qb7 25. Re4 h5 26. Qa4+ Rc6 27.
Rc4 {Hossa resigns} 1-0

[Event "ICS rated blitz match"]
[Site "204.178.125.65"]
[Date "1999.08.25"]
[Round "?"]
[White "Hossa"]
[Black "ekw"]
[Result "1-0"]
[WhiteElo "2363"]
[BlackElo "2238"]
[PlyCount "135"]

1. d4 Nf6 2. c4 g6 3. Nc3 c5 4. d5 d6 5. e4 Bg7 6. Bg5 h6 7. Bf4 O-O 8. Qd2 Kh7
9. Nge2 e5 10. dxe6 Bxe6 11. Bxd6 Re8 12. Nf4 Bxc4 13. f3 Bxf1 14. Rxf1 Nc6 15.
O-O-O Qa5 16. Qe2 b6 17. Qc4 g5 18. Nfd5 Nxd5 19. Qxd5 Bxc3 20. Qxc6 Bg7 21.
Qd5 Kg8 22. f4 g4 23. Be5 c4 24. Qxa5 bxa5 25. Bxg7 Kxg7 26. e5 Rad8 27. Rd6
Rxd6 28. exd6 Rd8 29. Rd1 Kf6 30. Rd5 Ke6 31. Rxa5 Rd7 32. Ra6 Kd5 33. Kc2 Kd4
34. g3 Kc5 35. a4 Kb4 36. Rc6 Kxa4 37. Rxc4+ Kb5 38. Rc7 Rxd6 39. Rxf7 a5 40.
Rg7 Re6 41. Kd2 Kb4 42. Rg8 Rd6+ 43. Ke3 Re6+ 44. Kd3 Rd6+ 45. Kc2 h5 46. Rg5
Re6 47. Rxh5 Re2+ 48. Kc1 Rg2 49. Rh7 a4 50. Kb1 Kb3 51. Rb7+ Kc4 52. Ka2 Rxh2
53. Rg7 Kb4 54. Rxg4 a3 55. f5+ Kc5 56. Kxa3 Rf2 57. Rf4 Re2 58. g4 Re3+ 59. b3
Rg3 60. f6 Kd6 61. f7 Kc6 62. f8=Q Kb6 63. Qb8+ Kc5 64. Rc4+ Kd5 65. Qb5+ Ke6
66. Rc6+ Kf7 67. Qb7+ Kg8 68. Rc8# {ekw checkmated} 1-0

[Event "ICS rated blitz match"]
[Site "204.178.125.65"]
[Date "1999.08.25"]
[Round "?"]
[White "Hossa"]
[Black "MateGoD"]
[Result "0-1"]
[WhiteElo "2373"]
[BlackElo "2463"]
[PlyCount "128"]

1. d4 Nf6 2. c4 c5 3. d5 g6 4. Nc3 d6 5. e4 Bg7 6. f3 O-O 7. Bg5 e6 8. Nge2 h6
9. Be3 exd5 10. cxd5 h5 11. Nc1 Nh7 12. Bc4 Qh4+ 13. Bf2 Qg5 14. O-O Bh3 15.
Bg3 Bd4+ 16. Kh1 h4 17. gxh3 hxg3 18. Qe2 Bxc3 19. bxc3 Nd7 20. Bb5 Ndf6 21.
Rg1 Nh5 22. Qg2 a6 23. Ba4 Qe3 24. hxg3 b5 25. Bd1 f5 26. exf5 Qxc3 27. fxg6
Qxa1 28. gxh7+ Kxh7 29. f4 Ng7 30. Nb3 Qc3 31. Bc2+ Kh8 32. Bg6 c4 33. Nc1 Rf6
34. Qe4 Raf8 35. Ne2 Qa3 36. Re1 Qxa2 37. Rg1 Qd2 38. Rg2 Qe1+ 39. Rg1 Qf2 40.
Rg2 Qf1+ 41. Ng1 b4 42. Rb2 a5 43. Ra2 c3 44. Rxa5 b3 45. Ra7 Rc8 46. f5 Nxf5
47. Qg4 Qg2+ 48. Kxg2 Ne3+ 49. Kh1 Nxg4 50. hxg4 Rxg6 51. Rb7 b2 52. Ne2 Rg7
53. Rb3 c2 54. Rxb2 Re7 55. Nc1 Re1+ 56. Kg2 Rxc1 57. Ra2 Re1 58. Rxc2 Rxc2+
59. Kf3 Rf1+ 60. Ke3 Rg2 61. Kd4 Rxg3 62. Ke4 Rf8 63. g5 Rgf3 64. g6 64...
R8f4# {Hossa checkmated} 0-1

[Event "ICS rated blitz match"]
[Site "204.178.125.65"]
[Date "1999.08.25"]
[Round "?"]
[White "Hossa"]
[Black "Beadle"]
[Result "0-1"]
[WhiteElo "2387"]
[BlackElo "2576"]
[PlyCount "120"]

1. d4 Nf6 2. c4 e6 3. Nc3 Bb4 4. Bg5 c5 5. d5 h6 6. Bh4 Nxd5 7. Bxd8 Nxc3 8.
Qb3 Ne4+ 9. Qxb4 cxb4 10. Bh4 g5 11. Bg3 Nc6 12. Rd1 e5 13. f3 Nxg3 14. hxg3
Ke7 15. g4 d6 16. e4 Be6 17. b3 Rh7 18. Bd3 Rah8 19. Rh5 f6 20. Kd2 Nb8 21. Kc2
Nd7 22. Rd2 Nc5 23. Ne2 Rc8 24. Kb2 Rb8 25. Ng3 Nxd3+ 26. Rxd3 Rhh8 27. Rd1 b5
28. cxb5 Rxb5 29. Rdh1 Kf8 30. Rxh6 Rxh6 31. Rxh6 Kg7 32. Rh1 Rc5 33. Nf5+ Bxf5
34. gxf5 d5 35. exd5 Rxd5 36. Rc1 g4 37. fxg4 Rd2+ 38. Kb1 Rxg2 39. Rc4 a5 40.
Rc7+ Kh6 41. Rf7 Rg1+ 42. Kc2 Kg5 43. Rg7+ Kf4 44. Rg6 Rxg4 45. Rxf6 e4 46. Ra6
Rg2+ 47. Kc1 Rxa2 48. f6 Ke3 49. Kb1 Rf2 50. Rxa5 Rxf6 51. Rb5 Kd3 52. Rd5+ Kc3
53. Rd1 e3 54. Re1 Kd2 55. Rh1 e2 56. Rh2 Ke3 57. Rxe2+ Kxe2 58. Ka2 Kd2 59.
Ka1 Kc2 60. Ka2 60... Ra6# {Hossa checkmated} 0-1

[Event "ICS rated blitz match"]
[Site "204.178.125.65"]
[Date "1999.08.25"]
[Round "?"]
[White "Hossa"]
[Black "matar"]
[Result "1-0"]
[WhiteElo "2379"]
[BlackElo "2210"]
[PlyCount "95"]

1. e4 c5 2. c3 Nf6 3. e5 Nd5 4. d4 cxd4 5. cxd4 e6 6. Nd2 d6 7. Ngf3 Nd7 8. Bb5
a6 9. Bxd7+ Bxd7 10. O-O Bc6 11. Nc4 dxe5 12. Ncxe5 Be7 13. Nxc6 bxc6 14. Ne5
Qd6 15. Be3 O-O 16. Rc1 Rfc8 17. Qh5 g6 18. Qh3 Bf6 19. Nxf7 Kxf7 20. Qxh7+ Bg7
21. Bh6 Qf8 22. Rfe1 Ne7 23. Bxg7 Qxg7 24. Qxg7+ Kxg7 25. Rxe6 Kf7 26. Re4 Rd8
27. Rc4 Rd5 28. b3 Rad8 29. f3 Kf6 30. h4 R8d6 31. g4 g5 32. hxg5+ Kf7 33. f4
Ng6 34. Kf2 Ra5 35. Rc2 Ne7 36. Kf3 Nd5 37. a4 Nb4 38. Rc4 Na2 39. Re2 c5 40.
dxc5 Rd5 41. Rxa2 Raxc5 42. Ke4 Rxc4+ 43. bxc4 Rd1 44. Rb2 Re1+ 45. Kf5 Rc1 46.
g6+ Kg7 47. Rb7+ Kg8 48. Kf6 {matar resigns} 1-0

[Event "ICS rated blitz match"]
[Site "204.178.125.65"]
[Date "1999.08.26"]
[Round "?"]
[White "MateGoD"]
[Black "Hossa"]
[Result "1-0"]
[WhiteElo "2465"]
[BlackElo "2388"]
[PlyCount "86"]

1. Nf3 d6 2. d4 d5 3. c4 e6 4. Bf4 dxc4 5. e3 Bb4+ 6. Nc3 b5 7. a4 Nf6 8. axb5
Nd5 9. Qd2 Nxf4 10. exf4 Bb7 11. Bxc4 Bxf3 12. gxf3 O-O 13. Bd3 c6 14. Qe3 Qc8
15. O-O Bxc3 16. bxc3 a5 17. bxa6 Nxa6 18. Qe2 Nc7 19. Qe4 g6 20. Qxc6 Nd5 21.
Qxa8 Qxa8 22. Rxa8 Rxa8 23. c4 Nxf4 24. Rd1 Ra3 25. Bf1 Rxf3 26. Rc1 Rb3 27. c5
Rb8 28. Ba6 Rb2 29. c6 Nh3+ 30. Kf1 Rb8 31. Ke1 Nf4 32. c7 Re8 33. Kd2 Kg7 34.
Bb7 h5 35. h4 Nh3 36. Ra1 Rg8 37. Ra8 Rxa8 38. Bxa8 Nxf2 39. c8=Q Ng4 40. d5
exd5 41. Bxd5 Nh6 42. Qc3+ Kg8 43. Qf6 43... Kf8 {Hossa resigns} 1-0

[Event "ICS rated blitz match"]
[Site "204.178.125.65"]
[Date "1999.08.26"]
[Round "?"]
[White "Hossa"]
[Black "MateGoD"]
[Result "0-1"]
[WhiteElo "2375"]
[BlackElo "2478"]
[PlyCount "99"]

1. d4 Nf6 2. c4 Nc6 3. Nf3 e6 4. Nc3 Bb4 5. Qc2 d5 6. Bg5 h6 7. Bxf6 Qxf6 8. e3
O-O 9. cxd5 exd5 10. Bd3 Bg4 11. Nd2 Qg5 12. a3 Bxc3 13. bxc3 Rfd8 14. Nf1 Re8
15. Ng3 a6 16. Rb1 b6 17. h3 Bd7 18. O-O Na5 19. Rfe1 Nc4 20. Bxc4 dxc4 21. Qe2
Be6 22. e4 b5 23. Qf3 c5 24. d5 Bd7 25. Rbd1 Rab8 26. Rc1 Qe5 27. Red1 Rb6 28.
Rc2 Rf6 29. Qe3 Rc8 30. Ne2 Rg6 31. Kh1 a5 32. Qf4 Qh5 33. Qh2 b4 34. Ra1 b3
35. Nf4 Qg5 36. h4 Qf6 37. Nxg6 bxc2 38. Qg3 fxg6 39. e5 Qb6 40. Qe3 Qb1+ 41.
Qc1 Rb8 42. Kh2 Qxa1 43. Qxa1 Rb1 44. Qa2 c1=Q 45. Qxc4 Qh1+ 46. Kg3 Rg1 47.
d6+ Kh7 48. Kf3 Qxg2+ 49. Ke3 Re1+ 50. Qe2 {Hossa resigns} 0-1

[Event "ICS rated blitz match"]
[Site "204.178.125.65"]
[Date "1999.08.26"]
[Round "?"]
[White "okiemark"]
[Black "Hossa"]
[Result "0-1"]
[WhiteElo "2071"]
[BlackElo "2364"]
[PlyCount "118"]

1. e4 e5 2. Nf3 Nc6 3. Bb5 a6 4. Ba4 b5 5. Bb3 Bc5 6. c3 Nf6 7. d4 exd4 8. e5
Ng4 9. cxd4 Bb4+ 10. Nc3 Qe7 11. h3 Ngxe5 12. dxe5 Nxe5 13. O-O Nxf3+ 14. Qxf3
c6 15. Bd2 O-O 16. Rfe1 Qd8 17. a3 Bc5 18. Ne4 Be7 19. Bc3 d5 20. Ng3 Re8 21.
Nf5 Bxf5 22. Qxf5 Qc8 23. Qh5 Qc7 24. Bc2 g6 25. Qh6 Bf8 26. Qg5 Bg7 27. Bxg7
Kxg7 28. h4 Rad8 29. h5 f6 30. Qg4 Qc8 31. Qg3 Rxe1+ 32. Rxe1 Re8 33. Rxe8 Qxe8
34. hxg6 hxg6 35. f4 d4 36. f5 g5 37. b4 Qe7 38. Kf1 c5 39. bxc5 Qxc5 40. Qd3
a5 41. Ke2 b4 42. axb4 axb4 43. Bb3 Qc6 44. Kf2 Qd6 45. Be6 Qf4+ 46. Kg1 Kf8
47. Qc4 Qe3+ 48. Kf1 Qf4+ 49. Ke2 Kg7 50. Qxb4 d3+ 51. Kxd3 Qxb4 52. Ke2 Qf4
53. Ke1 Qe3+ 54. Kf1 g4 55. g3 Qxg3 56. Bd5 Qd3+ 57. Kg2 Qxd5+ 58. Kg3 Qf3+ 59.
Kh4 59... Qh3# {okiemark checkmated} 0-1

[Event "ICS rated blitz match"]
[Site "204.178.125.65"]
[Date "1999.08.26"]
[Round "?"]
[White "Hossa"]
[Black "okiemark"]
[Result "1-0"]
[WhiteElo "2369"]
[BlackElo "2066"]
[PlyCount "40"]

1. d4 Nf6 2. c4 e6 3. Nc3 Bb4 4. Bg5 Bxc3+ 5. bxc3 d6 6. f3 Nbd7 7. e4 e5 8.
Bd3 h6 9. Be3 Qe7 10. Ne2 c5 11. O-O O-O 12. Rb1 b6 13. Ng3 Kh7 14. Nf5 Qd8 15.
Nxd6 cxd4 16. cxd4 exd4 17. Bxd4 Nc5 18. Bxc5 bxc5 19. e5+ Kh8 20. Be4 20...
Nd7 {okiemark resigns} 1-0

[Event "ICS rated blitz match"]
[Site "204.178.125.65"]
[Date "1999.08.26"]
[Round "?"]
[White "Slivovitz"]
[Black "Hossa"]
[Result "0-1"]
[WhiteElo "2148"]
[BlackElo "2374"]
[PlyCount "52"]

1. e4 e5 2. Nf3 Nc6 3. Bc4 Bc5 4. Nc3 a6 5. d3 d6 6. a3 Bg4 7. h3 Bxf3 8. Qxf3
Nf6 9. Bg5 Nd4 10. Qd1 b5 11. Ba2 O-O 12. Nd5 Kh8 13. c3 Ne6 14. Bxf6 gxf6 15.
Qf3 c6 16. Nxf6 Nf4 17. Ng4 Qg5 18. g3 f5 19. gxf4 fxg4 20. Qxg4 Qxg4 21. hxg4
Rxf4 22. O-O-O Rxf2 23. Rh5 Bxa3 24. Rdh1 Bxb2+ 25. Kb1 Ra7 26. g5 26... Bxc3 {
Slivovitz resigns} 0-1

[Event "ICS rated blitz match"]
[Site "204.178.125.65"]
[Date "1999.08.26"]
[Round "?"]
[White "Hossa"]
[Black "Slivovitz"]
[Result "1-0"]
[WhiteElo "2381"]
[BlackElo "2141"]
[PlyCount "77"]

1. d4 Nf6 2. Nf3 g6 3. g3 Bg7 4. Bg2 d5 5. O-O O-O 6. c3 c6 7. Nbd2 b6 8. Re1
Bb7 9. e3 Nbd7 10. e4 dxe4 11. Ng5 e3 12. fxe3 Qc7 13. e4 e5 14. Rf1 Rae8 15.
Qe2 h6 16. Ngf3 exd4 17. Nxd4 c5 18. Nb5 Qb8 19. Qe3 a6 20. Na3 Nxe4 21. Nxe4
f5 22. Qd2 fxe4 23. Qxd7 Rxf1+ 24. Bxf1 e3 25. Qd3 Qc7 26. Qxg6 Re7 27. Bc4+
Kh8 28. Bd3 Kg8 29. Qh7+ Kf8 30. Bc4 Ke8 31. Qg8+ Bf8 32. Qg6+ Kd8 33. Bxe3
Rxe3 34. Rd1+ Kc8 35. Qf5+ Kb8 36. Qxf8+ Ka7 37. Qf4 Qc6 38. Bd5 Re1+ 39. Kf2 {
Slivovitz resigns} 1-0

[Event "ICS rated blitz match"]
[Site "204.178.125.65"]
[Date "1999.08.26"]
[Round "?"]
[White "okiemark"]
[Black "Hossa"]
[Result "1/2-1/2"]
[WhiteElo "2071"]
[BlackElo "2387"]
[PlyCount "94"]

1. e4 e5 2. Nf3 Nc6 3. Bb5 a6 4. Ba4 b5 5. Bb3 Bc5 6. c3 Nf6 7. d4 exd4 8. e5
O-O 9. exf6 Re8+ 10. Kf1 Qxf6 11. Bg5 Qd6 12. Nbd2 dxc3 13. bxc3 Qd3+ 14. Kg1
Qxc3 15. Rc1 Qb4 16. Nf1 Be7 17. Ne3 Bf8 18. h4 Qd6 19. Nd5 Re4 20. Qd3 Re6 21.
Bf4 Qa3 22. Nxc7 Rf6 23. Bg5 Ra7 24. Bxf6 Qxc1+ 25. Kh2 Qf4+ 26. g3 Qxf6 27.
Nd5 Qd8 28. Re1 Rb7 29. Ng5 g6 30. Nc3 d5 31. Bxd5 b4 32. Nce4 Ne5 33. Qb3 Rd7
34. Bxf7+ Nxf7 35. Nxf7 Rxf7 36. Ng5 Qf6 37. f4 Bb7 38. Re6 Qg7 39. Rb6 Bc8 40.
Rc6 Bd7 41. Rc7 Be8 42. Rc8 Qd4 43. Rxe8 Qf2+ 44. Kh3 Qf1+ 45. Kh2 Qf2+ 46. Kh3
Qf1+ 47. Kh2 47... Qf2+ {Game drawn by repetition} 1/2-1/2

[Event "ICS rated blitz match"]
[Site "204.178.125.65"]
[Date "1999.08.26"]
[Round "?"]
[White "Hossa"]
[Black "Storchnoi"]
[Result "1-0"]
[WhiteElo "2396"]
[BlackElo "2095"]
[PlyCount "63"]

1. d4 Nf6 2. c4 e6 3. Nc3 Bb4 4. Bg5 c5 5. d5 d6 6. e4 h6 7. Bxf6 Qxf6 8. Nge2
exd5 9. cxd5 O-O 10. a3 Ba5 11. Rb1 Re8 12. Qa4 Bxc3+ 13. Nxc3 Nd7 14. Bb5 Qe7
15. O-O Rf8 16. Rfe1 a6 17. Bxd7 Bxd7 18. Qa5 b5 19. Qb6 Rfb8 20. Qc7 Rc8 21.
Qa5 Qd8 22. Qxd8+ Rxd8 23. e5 dxe5 24. Rxe5 Re8 25. Rbe1 Rxe5 26. Rxe5 Kf8 27.
Ne4 c4 28. Nc5 Bc8 29. d6 Ra7 30. Re4 Bd7 31. Re7 Rc7 32. Nxd7+ {
Storchnoi resigns} 1-0

[Event "ICS rated blitz match"]
[Site "204.178.125.65"]
[Date "1999.08.26"]
[Round "?"]
[White "Zamok"]
[Black "Hossa"]
[Result "1-0"]
[WhiteElo "2189"]
[BlackElo "2401"]
[PlyCount "102"]

1. e4 e5 2. Nf3 Nc6 3. Bb5 a6 4. Bxc6 dxc6 5. O-O Bg4 6. h3 Bh5 7. d3 Bd6 8.
Re1 Ne7 9. Nbd2 O-O 10. Nf1 f5 11. Ng3 fxe4 12. dxe4 Bxf3 13. gxf3 Qd7 14. Kh2
Qe6 15. Qe2 Qf6 16. Be3 Qxf3 17. Qxf3 Rxf3 18. Kg2 Rff8 19. c4 Ng6 20. Nf5 Ne7
21. Nxe7+ Bxe7 22. Rad1 Rae8 23. Rd7 Bd6 24. c5 Re7 25. Rxe7 Bxe7 26. Rd1 b6
27. Rd7 Bd8 28. b3 a5 29. Kg3 h6 30. Kg4 Kh7 31. Kh5 Kh8 32. Kg6 Rf6+ 33. Kh5
Rf8 34. Kg6 b5 35. Rf7 Rxf7 36. Kxf7 a4 37. Ke8 Bg5 38. Bxg5 axb3 39. axb3 hxg5
40. Kd7 Kg8 41. Kxc6 Kf8 42. Kxc7 Kf7 43. Kb7 Ke6 44. c6 Kd6 45. c7 Kc5 46.
c8=Q+ Kb4 47. Qc6 g6 48. Kb6 Kxb3 49. Qxb5+ Ka3 50. Qxe5 Kb3 51. Qxg5 51... Kc2
{Hossa resigns} 1-0

[Event "ICS rated blitz match"]
[Site "204.178.125.65"]
[Date "1999.08.26"]
[Round "?"]
[White "Zamok"]
[Black "Hossa"]
[Result "0-1"]
[WhiteElo "2205"]
[BlackElo "2385"]
[PlyCount "118"]

1. e4 e5 2. Nf3 Nc6 3. Bb5 a6 4. Bxc6 dxc6 5. O-O Bg4 6. h3 Bh5 7. d3 Bd6 8.
Nbd2 Nf6 9. Re1 O-O 10. Nf1 Qe7 11. Ng3 Bg6 12. Nh4 Qe6 13. Nhf5 Rae8 14. Be3
c5 15. Qe2 c4 16. Qf3 cxd3 17. cxd3 Rd8 18. Bg5 Be7 19. Nxe7+ Qxe7 20. Bxf6
Qxf6 21. Qxf6 gxf6 22. Red1 Rd7 23. Rd2 Rfd8 24. Rad1 h5 25. h4 c5 26. Kf1 Kg7
27. Ke2 b6 28. b3 Rd6 29. Ke3 Kh6 30. f4 Rg8 31. f5 Bh7 32. Kf3 Rg4 33. Rh1 a5
34. Nf1 Rd4 35. Ne3 Rgxe4 36. Ke2 Rxh4 37. Rxh4 Rxh4 38. Kf3 Rf4+ 39. Kg3 h4+
40. Kh2 Bxf5 41. Nd5 Rd4 42. Nxb6 Bxd3 43. Na4 Bb5 44. Rc2 Bxa4 45. bxa4 c4 46.
Rc3 f5 47. Kg1 e4 48. Kf2 f4 49. Rc2 Rd2+ 50. Rxd2 e3+ 51. Ke2 exd2 52. Kxd2 f3
53. Kc3 fxg2 54. Kxc4 g1=Q 55. Kb5 Qb1+ 56. Kxa5 h3 57. Ka6 h2 58. a5 h1=Q 59.
a4 59... Qa8# {Zamok checkmated} 0-1

[Event "ICS rated blitz match"]
[Site "204.178.125.65"]
[Date "1999.08.26"]
[Round "?"]
[White "Hossa"]
[Black "Zamok"]
[Result "1-0"]
[WhiteElo "2393"]
[BlackElo "2197"]
[PlyCount "65"]

1. d4 Nf6 2. c4 e6 3. Nc3 Bb4 4. Bg5 c5 5. d5 d6 6. e4 h6 7. Bxf6 Qxf6 8. Nge2
O-O 9. a3 Ba5 10. Qa4 b6 11. b4 Bd7 12. Qb3 cxb4 13. axb4 Bxb4 14. Qxb4 exd5
15. exd5 Re8 16. Ra3 a5 17. Qxb6 Na6 18. Qxa5 Nc5 19. Qxa8 Rxa8 20. Rxa8+ Kh7
21. Nd1 Nd3+ 22. Kd2 Nb4 23. Ra7 Bg4 24. Ra4 Qg5+ 25. Ne3 f5 26. Rxb4 f4 27.
Nxg4 Qxg4 28. c5 dxc5 29. Rc4 Qg5 30. Nxf4 Qe5 31. Bd3+ Kh8 32. Ng6+ Kg8 33.
Nxe5 {Zamok resigns} 1-0

[Event "ICS rated blitz match"]
[Site "204.178.125.65"]
[Date "1999.08.26"]
[Round "?"]
[White "Zamok"]
[Black "Hossa"]
[Result "0-1"]
[WhiteElo "2189"]
[BlackElo "2401"]
[PlyCount "88"]

1. e4 e5 2. Nf3 Nc6 3. Bb5 a6 4. Bxc6 dxc6 5. O-O Bg4 6. h3 Bh5 7. Re1 Bd6 8.
d3 Ne7 9. Nbd2 O-O 10. g4 Bg6 11. Nf1 f6 12. Ng3 Bf7 13. Qe2 Qd7 14. Be3 Rad8
15. a3 c5 16. b3 Nc6 17. Nf5 Nd4 18. Bxd4 cxd4 19. Nd2 Be6 20. Nc4 Bc5 21. Qf3
Rde8 22. Kh2 g6 23. Ng3 b5 24. Nd2 Qg7 25. Rg1 Qh6 26. Qe2 Bxg4 27. Qxg4 Qxd2
28. Rg2 Qxc2 29. f4 Qxb3 30. f5 g5 31. Nh5 Be7 32. h4 Qxd3 33. hxg5 fxg5 34.
Rd1 Qxa3 35. f6 Bxf6 36. Nxf6+ Rxf6 37. Qd7 Rh6+ 38. Kg1 Qe3+ 39. Rf2 Rhe6 40.
Qf7+ Kh8 41. Rdf1 g4 42. Kg2 Qxe4+ 43. Kh2 Rh6+ 44. Kg3 44... Rh3# {
Zamok checkmated} 0-1

[Event "ICS rated blitz match"]
[Site "204.178.125.65"]
[Date "1999.08.26"]
[Round "?"]
[White "Hossa"]
[Black "exsacs"]
[Result "1-0"]
[WhiteElo "2408"]
[BlackElo "2216"]
[PlyCount "49"]

1. c4 c5 2. e3 e6 3. Nc3 d5 4. d4 Nc6 5. Nf3 Nf6 6. Be2 dxc4 7. Bxc4 cxd4 8.
exd4 Be7 9. O-O O-O 10. Be3 a6 11. Rc1 b5 12. Bd3 Bb7 13. Ng5 h6 14. Nf3 Nb4
15. Be2 Rc8 16. Ne5 Nbd5 17. Nxd5 Bxd5 18. a3 Qb6 19. Re1 Qb7 20. Bf1 Rxc1 21.
Bxc1 Rc8 22. Bf4 Nd7 23. Be3 Bf6 24. Qh5 Rc2 25. Qxf7+ {exsacs resigns} 1-0

[Event "ICS rated blitz match"]
[Site "204.178.125.65"]
[Date "1999.08.26"]
[Round "?"]
[White "exsacs"]
[Black "Hossa"]
[Result "0-1"]
[WhiteElo "2208"]
[BlackElo "2416"]
[PlyCount "62"]

1. e4 e5 2. Nf3 Nc6 3. Nc3 Bb4 4. Nd5 Nf6 5. Nxb4 Nxb4 6. d3 Nc6 7. g3 d5 8.
exd5 Nxd5 9. Bg2 O-O 10. O-O Bg4 11. h3 Bxf3 12. Qxf3 Ndb4 13. Qd1 Qd7 14. a3
Nd5 15. Bd2 Rad8 16. Qf3 Nd4 17. Qd1 Rfe8 18. Re1 f6 19. Be3 c5 20. c3 Nxe3 21.
fxe3 Ne6 22. Qb3 Qxd3 23. Rad1 Qa6 24. Rxd8 Rxd8 25. Bd5 Kf7 26. Rd1 Kf8 27.
Rd2 Ng5 28. h4 Nf3+ 29. Bxf3 Rxd2 30. h5 Qd3 31. Qxb7 31... Qb1+ {
exsacs resigns} 0-1

[Event "ICS rated blitz match"]
[Site "204.178.125.65"]
[Date "1999.08.26"]
[Round "?"]
[White "Hossa"]
[Black "MissSilicon"]
[Result "0-1"]
[WhiteElo "2423"]
[BlackElo "2668"]
[PlyCount "71"]

1. d4 d5 2. c4 dxc4 3. e4 e5 4. Nf3 exd4 5. Bxc4 Nc6 6. O-O Nf6 7. e5 Ne4 8.
Re1 Nc5 9. Bg5 Qd7 10. b4 Nxb4 11. Nxd4 Ne6 12. Nxe6 fxe6 13. Qe2 Qf7 14. Rd1
Bd7 15. Nc3 h6 16. Be3 c6 17. Bd4 Be7 18. Qb2 b6 19. Bb3 c5 20. Be3 Bc6 21. a3
Nd5 22. Qd2 Nxe3 23. Qxe3 O-O 24. f4 c4 25. Bxc4 Bc5 26. Rd4 Qxf4 27. Bxe6+ Kh8
28. Rxf4 Bxe3+ 29. Kh1 Bxf4 30. Bd5 Bxe5 31. Bxc6 Rac8 32. Rd1 Rxc6 33. Ne2 Rd6
34. Re1 Bb2 35. Ng1 Rfd8 36. Re3 {Hossa resigns} 0-1

[Event "ICS rated blitz match"]
[Site "204.178.125.65"]
[Date "1999.08.26"]
[Round "?"]
[White "SuperChicken"]
[Black "Hossa"]
[Result "1-0"]
[WhiteElo "2704"]
[BlackElo "2417"]
[PlyCount "181"]

1. e4 e5 2. Nf3 Nc6 3. Bb5 a6 4. Ba4 b5 5. Bb3 Bc5 6. c3 Nf6 7. O-O Nxe4 8. Qe2
d5 9. d3 Bxf2+ 10. Rxf2 Nxf2 11. Qxf2 f6 12. a4 b4 13. Qc5 Ne7 14. cxb4 Bg4 15.
Ne1 Qd6 16. Qxd6 cxd6 17. Nc3 d4 18. Ne4 d5 19. Nd6+ Kd7 20. Nb7 Rhb8 21. Nc5+
Kd6 22. Bd2 Nc6 23. Rc1 Nxb4 24. Kf1 a5 25. h3 Bf5 26. Bd1 Ra7 27. Ke2 Nc6 28.
Rc2 e4 29. Bf4+ Ne5 30. Kf1 g5 31. Bg3 Bg6 32. Nb3 Rb4 33. Nc1 f5 34. Bxe5+
Kxe5 35. b3 f4 36. Rc5 e3 37. Rc6 Be8 38. Nf3+ Kf5 39. Nxd4+ Ke5 40. Nf3+ Kf5
41. Rd6 Bh5 42. d4 Bxf3 43. Bc2+ Be4 44. Rxd5+ Kf6 45. Bxe4 h6 46. Rd6+ Kg7 47.
Nd3 Rxb3 48. Rg6+ Kf8 49. Rxh6 Re7 50. Rf6+ Kg7 51. Rg6+ Kh8 52. Ne5 Ra3 53.
Rxg5 Rg7 54. Rh5+ Kg8 55. Bd5+ Kf8 56. Rf5+ Ke7 57. Rxf4 Rxa4 58. Nc4 Ra1+ 59.
Ke2 Ra2+ 60. Kd3 e2 61. Re4+ Kd8 62. Rxe2 Rxe2 63. Kxe2 a4 64. Kf3 Ra7 65. Na3
Rd7 66. Ke4 Rg7 67. Kf4 Rd7 68. Ke5 Rg7 69. g4 Rh7 70. Bg2 Re7+ 71. Kf4 Rf7+
72. Ke3 Rc7 73. Kd3 Rf7 74. Nc4 Rf6 75. g5 Ra6 76. Na3 Rb6 77. Bd5 Rd6 78. Ke4
Rd7 79. g6 Kc7 80. Ke5 Kb8 81. h4 Ka7 82. h5 Kb6 83. h6 Re7+ 84. Be6 Ra7 85. g7
Rc7 86. g8=Q Kb7 87. Bd5+ Kb6 88. Qb8+ Ka6 89. Qb5+ Ka7 90. Qa5+ Kb8 91. Qa8# {
Hossa checkmated} 1-0